LEADER 02875nam 2200433 450 001 996337182703316 005 20240213151519.0 010 $a88-15-22970-1 024 70$a10.978.8815/229700 035 $a(CKB)2670000000089231 035 $a(NjHacI)992670000000089231 035 $a(EXLCZ)992670000000089231 100 $a20240213d2011 uy 0 101 0 $aita 135 $aur||||||||||| 181 $ctxt$2rdacontent 182 $cc$2rdamedia 183 $acr$2rdacarrier 200 03$aLa Germania di Angela Merkel /$fa cura di Silvia Bolgherini, Florian Grotz 210 1$aBologna :$cSocieta? editrice il Mulino, Spa,$d2011. 215 $a1 online resource (288 pages) 225 1 $aRicerche e studi dell'Istituto Carlo Cattaneo 320 $aIncludes bibliographical references. 327 $aIntroduzione La Grande coalizione 2005-2009: episodio o svolta? -- GLI ANNI DELLA GRANDE COALIZIONE -- 1. Politica e politiche del governo Merkel I -- 2. La riforma costituzionale del 2006 e il «nuovo» federalismo -- 3. Politica multi-livello ed elezioni nei La?nder -- 4. La politica europea -- LE ELEZIONI FEDERALI DEL 2009 -- 5. Una campagna elettorale sonnolenta -- 6. I risultati elettorali: la scelta della stabilita? -- 7. Un elettorato in movimento: le scelte di voto -- IL NUOVO GOVERNO E LE SFIDE FUTURE -- 8. La nascita della coalizione democristiano-liberale -- 9. Il programma di governo -- 10. Lo «stato della Grande coalizione» tra passato e presente -- Conclusioni L'ombra lunga della Grande coalizione -- Riferimenti bibliografici. 330 $aLe elezioni federali tedesche del 2009 hanno segnato la fine della Grande coalizione tra democristiani e socialdemocratici insediatasi nel 2005 e, con la vittoria democristiano-liberale, hanno inaugurato un nuovo corso conservatore. Angela Merkel, prima cancelliera donna, e? stata confermata alla guida del nuovo esecutivo. L'elettorato tedesco ha manifestato apprezzamento per Merkel e per il suo stile sobrio e pragmatico, ma nello stesso tempo ha espresso la propria insofferenza nei confronti di coalizioni di governo di larghe intese. Il volume, pubblicato anche in inglese da Palgrave-Macmillan, discute le eredita? della Grande coalizione, analizza i risultati delle elezioni, presenta la formazione del nuovo governo e le principali sfide che esso deve affrontare. Una accurata radiografia politica del maggior paese europeo. 410 0$aRicerche e studi dell'Istituto Cattaneo. 606 $aWomen politicians$zGermany 606 $aPolitic science 615 0$aWomen politicians 615 0$aPolitic science. 676 $a943.0883092 702 $aBolgherini$b Silvia 702 $aGrotz$b Florian 801 0$bNjHacI 801 1$bNjHacl 906 $aBOOK 912 $a996337182703316 996 $aGermania di Angela Merkel$9770735 997 $aUNISA LEADER 01523nam0 22003491i 450 001 UON00079967 005 20231205102425.420 010 $a88-459-0755-4 100 $a20020107d1997 |0itac50 ba 101 $aita 102 $aIT 105 $a|||| ||||| 200 1 $aGoedel, Escher, Bach$eun'eterna ghirlanda brillante$euna fuga metaforica su menti e macchine nello spirito di Lewis Carroll$fDouglas R. Hofstadter 205 $a4 ed 210 $aMilano$cAdelphi$d1997 215 $axxvii, 852 p.$cill.$d24 cm 410 1$1001UON00066076$12001 $aˆGli ‰Adelphi$f[Direttore responsabile: Roberto Calasso]$v12 423 1$1001UON00361345$12001 $aˆUna ‰fuga metaforica su menti e macchine nello spirito di Lewis Carroll 500 1$3UON00361346$aGoedel, Escher, Bach : an eternal golden braid$91849422 606 $aCIBERNETICA$3UONC023882$2FI 606 $aIntelligenza artificiale$xStudi$3UONC023883$2FI 620 $aIT$dMilano$3UONL000005 676 $a003.5$cCIBERNETICA$v21 676 $a006.3$cIntelligenza Artificiale$v21 700 1$aHOFSTADTER$bDouglas R.$3UONV052533$047775 712 $aAdelphi$3UONV245967$4650 801 $aIT$bSOL$c20250711$gRICA 899 $aSIBA - SISTEMA BIBLIOTECARIO DI ATENEO$2UONSI 912 $aUON00079967 950 $aSIBA - SISTEMA BIBLIOTECARIO DI ATENEO$dSI VII 051 $eSI AA 20212 5 051 996 $aGoedel, Escher, Bach : an eternal golden braid$91849422 997 $aUNIOR